Score 0/20 Timer 08:00
0 Plays Today
Rank Domain Name % Correct
1.com
100%
3.net
79.8%
5.org
78.7%
20.ca (Canada)
75.5%
4.uk (United Kingdom)
69.1%
19.us (United States)
69.1%
17.au (Australia)
64.9%
18.fr (France)
64.9%
11.ru (Russia)
60.6%
15.it (Italy)
58.5%
Rank Domain Name % Correct
13.br (Brazil)
55.3%
7.cn (China)
53.2%
2.de (Germany)
52.1%
12.ar (Argentina)
34%
16.pl (Poland)
33%
10.eu (European Union)
25.5%
14.biz
25.5%
9.nl (Netherlands)
22.3%
6.info
18.1%
8.tk (Tokelau)
17%
Come Together.
Have Fun.
All Virtual.
We all need to come together. Play Sporcle's virtual live trivia to have fun, connect with people, and get your trivia on. Join a live hosted trivia game for your favorite pub trivia experience done virtually. If a virtual private party is more your thing, go here for details.

You're not logged in!

Compare scores with friends on all Sporcle quizzes.
OR
Log In

Sporcle TV

Today on Sporcle TV


Watch our educational content, quiz creation guides, and fun videos on Sporcle TV.

Show Comments

Extras

Created Feb 7, 2011ReportNominate
Tags:Country Quiz, Internet

Top Quizzes Today


Score Distribution

Paid Content

Your Account Isn't Verified!

In order to create a playlist on Sporcle, you need to verify the email address you used during registration. Go to your Sporcle Settings to finish the process.

Report this User

Report this user for behavior that violates our Community Guidelines.

Details: